000 01185nam a2200265Ia 4500
003 OSt
005 20221005111456.0
006 a|||||r|||| 00| 0
007 ta
008 221004b |||||||| |||| 00| 0 hin d
020 _a9788173094439 (hbk)
_c250
024 _a11243
037 _b1138, 20/03/2014, Anamika Publishers & Distributors Pvt. Ltd.
_cTextual
040 _aCRL
_cCRL
_bhin
041 _2hin
_ahin
082 _aO152,6N11x, M5;Q0
100 _aवात्स्यायन ‘अज्ञेय’, सच्चिदानंद हीरानंद
_9623936
245 0 _aभारतीय कलादृष्टि
246 _aBhāratīya kalādṛuṣhṭi
260 _aनई दिल्ली
_bसस्ता साहित्य मण्डल प्रकाशन भारत
_c2010
300 _a190पृ0
_ccm.
650 _aहिन्दी साहित्य
942 _hO152,6N11x, M5;Q0
_cTEXL
_2cc
999 _c1021952
_d1021952